<?xml version="1.0" encoding="UTF-8"?>
<collection xmlns:xsi="http://www.w3.org/2001/XMLSchema-instance" xsi:schemaLocation="http://www.loc.gov/MARC21/slim http://www.loc.gov/standards/marcxml/schema/MARC21slim.xsd" xmlns="http://www.loc.gov/MARC21/slim">
 <record>
  <leader>00000cmm a22000003i 4500</leader>
  <controlfield tag="001">UP-99796217613117917</controlfield>
  <controlfield tag="003">Buklod</controlfield>
  <controlfield tag="005">20230215105418.0</controlfield>
  <controlfield tag="006">m    |o  d |      </controlfield>
  <controlfield tag="007">ta</controlfield>
  <controlfield tag="008">160226s2017    xx         a        eng d</controlfield>
  <datafield tag="020" ind1=" " ind2=" ">
   <subfield code="a">9783319465838 (pt. I : online ISBN)</subfield>
  </datafield>
  <datafield tag="020" ind1=" " ind2=" ">
   <subfield code="a">9783319465869 (pt. II : online ISBN)</subfield>
  </datafield>
  <datafield tag="020" ind1=" " ind2=" ">
   <subfield code="a">9783319465890 (pt. III : online ISBN)</subfield>
  </datafield>
  <datafield tag="020" ind1=" " ind2=" ">
   <subfield code="a">9783319465920 (pt. IV : online ISBN)</subfield>
  </datafield>
  <datafield tag="035" ind1=" " ind2=" ">
   <subfield code="a">(iLib)UPD-00414265723</subfield>
  </datafield>
  <datafield tag="040" ind1=" " ind2=" ">
   <subfield code="a">OCLCQ</subfield>
   <subfield code="d">DENGII</subfield>
   <subfield code="e">rda</subfield>
  </datafield>
  <datafield tag="041" ind1=" " ind2=" ">
   <subfield code="a">eng</subfield>
  </datafield>
  <datafield tag="084" ind1=" " ind2=" ">
   <subfield code="a">QA 75.5</subfield>
   <subfield code="b">I585 2016eb</subfield>
  </datafield>
  <datafield tag="111" ind1="2" ind2=" ">
   <subfield code="a">International Conference on Information Systems Architecture and Technology</subfield>
   <subfield code="c">Karpacz, Poland)</subfield>
   <subfield code="d">2016</subfield>
   <subfield code="n">(37th</subfield>
  </datafield>
  <datafield tag="245" ind1="1" ind2="0">
   <subfield code="a">Information systems architecture and technology</subfield>
   <subfield code="b">proceedings of 37th International Conference on Information Systems Architecture and Technology -- ISAT 2016</subfield>
   <subfield code="c">Adam Grzech [and three others], editors.</subfield>
  </datafield>
  <datafield tag="246" ind1="3" ind2=" ">
   <subfield code="a">ISAT 2016</subfield>
  </datafield>
  <datafield tag="264" ind1=" " ind2="1">
   <subfield code="a">Cham</subfield>
   <subfield code="b">Springer</subfield>
   <subfield code="c">[2016-2017]</subfield>
  </datafield>
  <datafield tag="300" ind1=" " ind2=" ">
   <subfield code="a">1 online resource.</subfield>
  </datafield>
  <datafield tag="336" ind1=" " ind2=" ">
   <subfield code="a">text</subfield>
   <subfield code="2">rdacontent</subfield>
  </datafield>
  <datafield tag="337" ind1=" " ind2=" ">
   <subfield code="a">computer</subfield>
   <subfield code="2">rdamedia</subfield>
  </datafield>
  <datafield tag="338" ind1=" " ind2=" ">
   <subfield code="a">online resource</subfield>
   <subfield code="2">rdacarrier</subfield>
  </datafield>
  <datafield tag="506" ind1=" " ind2=" ">
   <subfield code="a">IP-based subscription, on campus and remote access.</subfield>
   <subfield code="c">Access via Electronic Resources of the UPD Engineering Library and University Library websites.</subfield>
  </datafield>
  <datafield tag="533" ind1=" " ind2=" ">
   <subfield code="a">Electronic reproduction.</subfield>
   <subfield code="b">New York</subfield>
   <subfield code="c">SpringerLink</subfield>
   <subfield code="d">2017.</subfield>
   <subfield code="n">Available via World Wide Web through SpringerLink.</subfield>
  </datafield>
  <datafield tag="650" ind1=" " ind2="0">
   <subfield code="a">Computer science</subfield>
   <subfield code="v">Congresses.</subfield>
  </datafield>
  <datafield tag="650" ind1=" " ind2="0">
   <subfield code="a">Computer architecture</subfield>
   <subfield code="v">Congresses.</subfield>
  </datafield>
  <datafield tag="650" ind1=" " ind2="0">
   <subfield code="a">Computer network architectures</subfield>
   <subfield code="v">Congresses.</subfield>
  </datafield>
  <datafield tag="650" ind1=" " ind2="0">
   <subfield code="a">Artificial intelligence</subfield>
   <subfield code="v">Congresses.</subfield>
  </datafield>
  <datafield tag="650" ind1=" " ind2="0">
   <subfield code="a">Electronic books.</subfield>
  </datafield>
  <datafield tag="700" ind1="1" ind2=" ">
   <subfield code="a">Grzech, Adam</subfield>
   <subfield code="e">editor.</subfield>
  </datafield>
  <datafield tag="700" ind1="1" ind2=" ">
   <subfield code="a">Swiatek, Jerzy</subfield>
   <subfield code="e">editor.</subfield>
  </datafield>
  <datafield tag="710" ind1="2" ind2=" ">
   <subfield code="a">SpringerLink (Online service).</subfield>
  </datafield>
  <datafield tag="842" ind1=" " ind2=" ">
   <subfield code="a">Electronic Resource</subfield>
  </datafield>
  <datafield tag="856" ind1="4" ind2="0">
   <subfield code="u">https://doi.org/10.1007/978-3-319-46583-8</subfield>
   <subfield code="z">Available for University of the Philippines System via SpringerLink. Click here to access Part I</subfield>
  </datafield>
  <datafield tag="856" ind1="4" ind2="0">
   <subfield code="u">https://link-springer-com.ezproxy.engglib.upd.edu.ph/book/10.1007%2F978-3-319-46583-8</subfield>
   <subfield code="z">Also available remotely for University of the Philippines System via SpringerLink. Click here to access Part I thru EZproxy</subfield>
  </datafield>
  <datafield tag="856" ind1="4" ind2="0">
   <subfield code="u">https://doi.org/10.1007/978-3-319-46586-9</subfield>
   <subfield code="z">Available for University of the Philippines System via SpringerLink. Click here to access Part II</subfield>
  </datafield>
  <datafield tag="856" ind1="4" ind2="0">
   <subfield code="u">https://link-springer-com.ezproxy.engglib.upd.edu.ph/book/10.1007%2F978-3-319-46586-9</subfield>
   <subfield code="z">Also available remotely for University of the Philippines System via SpringerLink. Click here to access Part II thru EZproxy</subfield>
  </datafield>
  <datafield tag="856" ind1="4" ind2="0">
   <subfield code="u">https://doi.org/10.1007/978-3-319-46589-0</subfield>
   <subfield code="z">Available for University of the Philippines System via SpringerLink. Click here to access Part III</subfield>
  </datafield>
  <datafield tag="856" ind1="4" ind2="0">
   <subfield code="u">https://link-springer-com.ezproxy.engglib.upd.edu.ph/book/10.1007%2F978-3-319-46589-0</subfield>
   <subfield code="z">Also available remotely for University of the Philippines System via SpringerLink. Click here to access Part III thru EZproxy</subfield>
  </datafield>
  <datafield tag="856" ind1="4" ind2="0">
   <subfield code="u">https://doi.org/10.1007/978-3-319-46592-0</subfield>
   <subfield code="z">Available for University of the Philippines System via SpringerLink. Click here to access Part IV</subfield>
  </datafield>
  <datafield tag="856" ind1="4" ind2="0">
   <subfield code="u">https://link-springer-com.ezproxy.engglib.upd.edu.ph/book/10.1007%2F978-3-319-46592-0</subfield>
   <subfield code="z">Also available remotely for University of the Philippines System via SpringerLink. Click here to access Part IV thru EZproxy</subfield>
  </datafield>
  <datafield tag="856" ind1=" " ind2=" ">
   <subfield code="z">(viewed 22 October 2019)</subfield>
  </datafield>
  <datafield tag="905" ind1=" " ind2=" ">
   <subfield code="a">FO</subfield>
  </datafield>
  <datafield tag="852" ind1="0" ind2=" ">
   <subfield code="a">UPD</subfield>
   <subfield code="b">DENG-II</subfield>
  </datafield>
  <datafield tag="942" ind1=" " ind2=" ">
   <subfield code="a">Electronic Resource</subfield>
  </datafield>
 </record>
</collection>
